| 000 | 00382 a2200157 4500 | ||
|---|---|---|---|
| 001 | 61818 | ||
| 020 | _a9783126762328 | ||
| 040 | _cAnchieta - Pituba | ||
| 100 | _aReinke, Kerstin | ||
| 240 | 1 | 0 |
_aPhonetiktrainer A1-B1 _ldeu / ger |
| 245 | 1 | 0 | _aPhonetiktrainer A1-B1 |
| 300 | _a104 | ||
| 362 | 0 | _a2016 | |
| 650 | 4 | _aLínguas germânicas (teutônicas) língua alemã | |
| 942 | _cBK | ||
| 999 |
_c61818 _d61818 |
||